Statystyki dla Emiraty Zjednoczonych Emiratów Arabskich - z mapą

Kliknij tutaj aby rozwiązać quiz!

Ogólne statystyki

  • Ten quiz został rozwiązany 102 razy
  • Średni wynik to 3 z 7

Odpowiedzi na mapie

Odpowiedzi skodowane kolorowo w zielono-czerwonej skali na mapie do tego quizu, zgodnie z poniższymi procentami.
 

Statystyki odpowiedzi

PopulacjaEmirat% Poprawnych
2,270,128Dubaj
94%
2,656,448Abu Zabi
89%
1,050,000Szardża
42%
413,000Ras al-Chajma
29%
263,000Adżman
24%
202,667Fudżajra
24%
65,000Umm al-Kajwajn
21%

Rozkład punktacji

Percentyl według liczby udzielonych odpowiedzi

Procent ludzi z każdym wynikiem

Twoja historia wyników

Nie rozwiązałeś tego quizu